00000000nas##2200000za#4500
0019.514218
003CaOODSP
00520231123084320
007ta
008150406c1999||||xxc|| p #||||f|   |0eng|d
022 |a1491-4573
040 |aCaOODSP|beng
043 |an-cn---
0861 |aE12-15E
1101 |aCanada. |bForeign Affairs and International Trade Canada.
24510|aCanada world view
260 |aOttawa - Ontario : |bForeign Affairs and International Trade
310 |aQuarterly
3621 |aNo. 1, 1998--no. 30, Summer 2006
500 |aPublished by Foreign Affairs Canada from No. 22, Summer 2004 to No. 29, Spring 2006.
5203 |aEach issue will focus on a central theme of Canadian foreign policy [...]. The publication will also update readers on foreign policy news and report on Canadian initiatives, responses and contributions in foreign affairs. It will cover aspects of our relations with other nations, both on a country-to-country basis and within the framework of Canada's membership in international organizations such as the United Nations.
563 |aSoftcover
69007|aExternal relations|2gcpds
69007|aForeign aid|2gcpds
69007|aForeign policy|2gcpds
77508|tCanada -- regard sur le monde |w(CaOODSP)9.512646
7760#|tCanada world view |w(CaOODSP)9.506304